| 000 | 00516nam a2200169 a 4500 | ||
|---|---|---|---|
| 001 | 000027063 | ||
| 005 | 20200930030559.0 | ||
| 008 | 110329s1951 dr a 000 0 eng d | ||
| 040 |
_aDO-SdBNP _beng _cBNPHU |
||
| 082 |
_axxxx _bP171p |
||
| 100 | 1 |
_aPalm, Erwin Walter _954148 |
|
| 245 | 1 | 0 |
_aThe pocket guide to ciudad Trujillo / _cErwin Walter Palm. |
| 260 |
_aCiudad Trujillo, República Dominicana, _c1951. |
||
| 300 |
_a54 p. : _bil. ; _c20 cm. |
||
| 500 | _aIncluye notas al pie de las páginas | ||
| 049 | _aBNPD | ||
| 999 |
_c26555 _d26555 |
||